Nili mystici ex paradiso voluptatis, verbi divini, septemplici alveo defluentis, et totidem effusionibus pretiosi sanguinis D.N jesu christi sacri alveus sextus, annus sextus concionum in omnes Dominicas & festa per Annum, additis duodecim Rosis sive Exhortationibus ad Sodales congregationis christi in cruce agonizantis, cum indicibus necessariis (Record no. 8226)

MARC details
000 -CABECERA
campo de control de longitud fija 01673nam a2200325 a 4500
001 - NÚMERO DE CONTROL
campo de control BRCA_8563
005 - FECHA Y HORA DE LA ÚLTIMA TRANSACCIÓN
campo de control 20190320210330.0
008 - DATOS DE LONGITUD FIJA--INFORMACIÓN GENERAL
campo de control de longitud fija 180816s1672----gw-#######---#000-0#lat-#
041 ## - CÓDIGO DE LENGUA
Código de lengua del texto/banda sonora o título independiente lat
044 ## - CÓDIGO DEL PAÍS DE LA ENTIDAD EDITORA/PRODUCTORA
Código MARC del país gw
050 #4 - SIGNATURA TOPOGRÁFICA DE LA BIBLIOTECA DEL CONGRESO
Número de clasificación BV5070
Número de documento/Ítem .K574
-- 1672
100 1# - ENTRADA PRINCIPAL--NOMBRE DE PERSONA
Nombre de persona Kiselio, Philippo
9 (RLIN) 21447
245 10 - MENCIÓN DE TÍTULO
Título Nili mystici ex paradiso voluptatis, verbi divini, septemplici alveo defluentis, et totidem effusionibus pretiosi sanguinis D.N jesu christi sacri alveus sextus, annus sextus concionum in omnes Dominicas & festa per Annum, additis duodecim Rosis sive Exhortationibus ad Sodales congregationis christi in cruce agonizantis, cum indicibus necessariis
Mención de responsabilidad, etc. Philippo Kiselio.
260 ## - PUBLICACIÓN, DISTRIBUCIÓN, ETC.
Lugar de publicación, distribución, etc. Bambergae
Nombre del editor, distribuidor, etc. Joannis Arnorldi Choli
Fecha de publicación, distribución, etc. 1672
300 ## - DESCRIPCIÓN FÍSICA
Extensión 1 vol. (con varias paginaciones)
Dimensiones 21 cm
500 ## - NOTA GENERAL
Nota general Fondo antiguo
500 ## - NOTA GENERAL
Nota general Se encuentra en Caja Fuerte
500 ## - NOTA GENERAL
Nota general W-47
500 ## - NOTA GENERAL
Nota general Grabado de Cristo cruficiado en la anteportada
500 ## - NOTA GENERAL
Nota general En portada: Cum Privilegio sacrae casarea ac Regia Majestatis, con firma de la ex biblioteca Monserratensi Pragae in Emaus
500 ## - NOTA GENERAL
Nota general Con grabado en dedicatoria al Reverendissimo et celsissimo domino Lothario Friderico, episcopo spirensi S. R. I. principi, archiepiscopatus et electus moguntini coadjutori, prae posito in weissenburg, & udenheim, & c. Domino meo Clementissimo
500 ## - NOTA GENERAL
Nota general Incluye índice
500 ## - NOTA GENERAL
Nota general Contiene apéndice
500 ## - NOTA GENERAL
Nota general Nota de encuadernación: en madera
506 0# - NOTA DE RESTRICCIONES AL ACCESO
Limitaciones de acceso Fondo reservado: para su consulta es necesario credencial de usuario y carta de motivos
650 14 - PUNTO DE ACCESO ADICIONAL DE MATERIA--TÉRMINO DE MATERIA
Término de materia o nombre geográfico como elemento de entrada Orden jesuita
Término indicativo de función/relación Literatura
9 (RLIN) 21448
650 14 - PUNTO DE ACCESO ADICIONAL DE MATERIA--TÉRMINO DE MATERIA
Término de materia o nombre geográfico como elemento de entrada Misticismo
9 (RLIN) 17692
902 ## - CATALOGADOR
Iniciales LAR
942 ## - ELEMENTOS DE PUNTO DE ACCESO ADICIONAL (KOHA)
Fuente del sistema de clasificación o colocación Library of Congress Classification
Tipo de ítem Koha Libros
Holdings
Estado de retiro Estado de pérdida Estado dañado No para préstamo Localización permanente Ubicación/localización actual Fecha de adquisición Número de inventario Total de préstamos Signatura topográfica completa Código de barras Fecha visto por última vez Precio válido a partir de Tipo de ítem Koha
El ejemplar forma parte de la colección y puede ser consultado según las políticas vigentes.       Biblioteca del Museo Franz Mayer (Rogerio Casas-Alatriste) Biblioteca del Museo Franz Mayer (Rogerio Casas-Alatriste) 18/08/2016 W-47   BV5070 .K574 1672 (W-47) LAR00067 22/03/2019 22/03/2019 Libros